[Event "Dimanche 2000.11.26"]
[Site "Montreal CAN"]
[Date "2000.12.10"]
[Round "3"]
[White "Courteau, Julien"]
[Black "Bolduc, Steve"]
[Result "0-1"]
[WhiteElo "1797"]
[BlackElo "2221"]
[PlyCount "108"]
[GameId "2160767911635647"]
[EventDate "2000.11.26"]
[EventType "tourn"]
[EventRounds "3"]
[EventCountry "CAN"]
[SourceTitle "hb 2011"]

1. Nf3 Nf6 2. c4 g6 3. d4 c5 4. Nc3 cxd4 5. Nxd4 Bg7 6. e4 d6 7. Be2 O-O 8. Be3 a6 9. O-O Nc6 10. f3 Rb8 11. Qd2 Be6 12. b3 Qa5 13. Rfd1 Rfc8 14. a4 Nd7 15. Rab1 Qb4 16. Nd5 Bxd5 17. Qxb4 Nxb4 18. exd5 Na2 19. Rb2 Nb4 20. Rbd2 Nc5 21. Rb1 b6 22. Kf2 Kf8 23. Bf1 e6 24. dxe6 fxe6 25. Nc2 Nxc2 26. Rxc2 Ke7 27. Rd2 Rf8 28. Bxc5 dxc5 29. Rbd1 Bd4+ 30. Ke2 b5 31. axb5 axb5 32. Ra2 bxc4 33. bxc4 Rb3 34. Kd2 Rfb8 35. Bd3 Kf6 36. Rc1 h5 37. Ke2 R8b6 38. Ra8 Rb8 39. Rxb8 Rxb8 40. Rb1 Ra8 41. Bc2 h4 42. Kd3 g5 43. g3 hxg3 44. hxg3 Rh8 45. Ke4 Rh2 46. Bd3 Be5 47. g4 Rh8 48. Rb5 Bd4 49. Rb1 Be5 50. Rb5 Rh1 51. Rb1 Rh8 52. Rb5 Rd8 53. Ke3 Bd4+ 54. Ke4 Bg1 0-1

[Event "Double Trouble"]
[Site "Vancouver CAN"]
[Date "2000.12.28"]
[Round "5"]
[White "Basanta, Gary"]
[Black "Milicevic, Dragoljub"]
[Result "1-0"]
[WhiteElo "2377"]
[BlackElo "2343"]
[PlyCount "97"]
[GameId "2160767911627385"]
[EventDate "2000.12.26"]
[EventType "swiss"]
[EventRounds "8"]
[EventCountry "CAN"]

1. d4 d5 2. c4 e6 3. Nc3 f5 4. Bf4 c6 5. e3 Nf6 6. Bd3 Be7 7. Qc2 Ne4 8. Nge2 O-O 9. f3 Nxc3 10. Nxc3 b6 11. O-O Bg5 12. Bxg5 Qxg5 13. Rae1 Nd7 14. e4 fxe4 15. fxe4 Rxf1+ 16. Rxf1 Ba6 17. exd5 cxd5 18. Bxh7+ Kh8 19. Rf3 Rf8 20. Rh3 Rf6 21. Nxd5 exd5 22. Bf5+ Rh6 23. Ra3 Bxc4 24. h3 a5 25. Bxd7 Qe7 26. Bf5 Qe1+ 27. Kh2 Rf6 28. Rf3 g6 29. Bg4 Rxf3 30. Bxf3 Qe6 31. b3 Qd6+ 32. Kg1 Ba6 33. Qd2 Kg7 34. Qg5 Bb7 35. Kf2 Qf6 36. Qe5 Qxe5 37. dxe5 Kf7 38. Ke3 g5 39. Kd4 Ke6 40. Bg4+ Ke7 41. g3 Kf7 42. h4 gxh4 43. gxh4 Kg6 44. Bf3 Bc8 45. Bxd5 Kh5 46. e6 Kxh4 47. Ke5 Kg5 48. Kd6 Kf6 49. e7 1-0

[Event "Double Trouble"]
[Site "Vancouver CAN"]
[Date "2000.12.28"]
[Round "5"]
[White "Hallam, John"]
[Black "Haukenfrers, Dale"]
[Result "1/2-1/2"]
[WhiteElo "2217"]
[BlackElo "2215"]
[PlyCount "90"]
[GameId "2160767911627386"]
[EventDate "2000.12.26"]
[EventType "swiss"]
[EventRounds "8"]
[EventCountry "CAN"]

1. e4 d6 2. d4 Nf6 3. Nc3 c6 4. Be2 Nbd7 5. Nf3 e5 6. O-O Be7 7. h3 O-O 8. Be3 b5 9. a3 a6 10. Nd2 Bb7 11. f4 exd4 12. Bxd4 c5 13. Bxf6 Bxf6 14. Bf3 Re8 15. g3 Nb6 16. Qe2 Bxc3 17. bxc3 Qf6 18. e5 Bxf3 19. Qxf3 dxe5 20. Ne4 Qe7 21. fxe5 Nc4 22. Rae1 Nxe5 23. Qf5 h6 24. Rf2 Qe6 25. Qf4 Qxh3 26. Re3 Qg4 27. Nxc5 Qxf4 28. Rxf4 Nc4 29. Rxe8+ Rxe8 30. Nxa6 Ra8 31. Nc7 Rxa3 32. Nxb5 Ra1+ 33. Kf2 Na3 34. Ra4 Nxc2 35. Rxa1 Nxa1 36. Nd4 Kf8 37. Ke2 Ke7 38. Kd2 Kd6 39. Kc1 Kd5 40. Kb2 Kc4 41. Nf5 Nb3 42. Nxg7 Nc5 43. Nf5 Na4+ 44. Kc2 Nxc3 45. Nxh6 Ne4 1/2-1/2

[Event "Double Trouble"]
[Site "Vancouver CAN"]
[Date "2000.12.28"]
[Round "6"]
[White "Milicevic, Dragoljub"]
[Black "Basanta, Gary"]
[Result "0-1"]
[WhiteElo "2343"]
[BlackElo "2377"]
[PlyCount "105"]
[GameId "2160767911627387"]
[EventDate "2000.12.26"]
[EventType "swiss"]
[EventRounds "8"]
[EventCountry "CAN"]

1. e4 c5 2. d3 e6 3. g3 d5 4. Nd2 Nc6 5. Bg2 d4 6. f4 e5 7. Ngf3 f6 8. a4 Be6 9. O-O h6 10. b3 g5 11. Nc4 Bd6 12. f5 Bf7 13. Bd2 Nge7 14. Qe2 Bc7 15. Rfb1 Qd7 16. Qe1 h5 17. h4 gxh4 18. Nxh4 Rg8 19. Kh2 O-O-O 20. b4 Bxc4 21. dxc4 d3 22. c3 cxb4 23. cxb4 Nd4 24. Qe3 Nc2 25. Qxa7 Nxa1 26. Rxa1 Qd4 27. Qxd4 Rxd4 28. Rc1 Rd7 29. b5 Kb8 30. Bf3 Rh8 31. Kg2 b6 32. Kf2 Bd6 33. Ng2 Bc5+ 34. Ne3 Ra7 35. Ra1 h4 36. gxh4 Rxh4 37. Kg3 Rh8 38. Ng4 Rf8 39. Bd1 Nc8 40. Kf3 Nd6 41. Bb3 Rh7 42. a5 Rh3+ 43. Kg2 Rh4 44. Kg3 Nxe4+ 45. Kxh4 Nxd2 46. Bd1 e4 47. axb6 e3 48. Nxe3 Bxe3 49. Ra3 Rd8 50. Kh5 Nxc4 51. Rc3 Ne5 52. Kh4 Rg8 53. Kh3 0-1

[Event "Double Trouble"]
[Site "Vancouver CAN"]
[Date "2000.12.29"]
[Round "7"]
[White "Hallam, John"]
[Black "Basanta, Gary"]
[Result "0-1"]
[WhiteElo "2217"]
[BlackElo "2377"]
[PlyCount "78"]
[GameId "2160767911627388"]
[EventDate "2000.12.26"]
[EventType "swiss"]
[EventRounds "8"]
[EventCountry "CAN"]

1. d4 Nf6 2. c4 c5 3. d5 b5 4. cxb5 e6 5. Nc3 exd5 6. Nxd5 Bb7 7. Nxf6+ Qxf6 8. Nf3 d5 9. e4 dxe4 10. Bg5 Qd6 11. Nd2 Be7 12. Be3 Nd7 13. Nc4 Qg6 14. Qxd7+ Kxd7 15. Ne5+ Kc7 16. Nxg6 hxg6 17. Rc1 Rac8 18. Be2 Kb8 19. O-O g5 20. Rfd1 Rc7 21. Bd2 Rd7 22. Bc3 Rhd8 23. Rxd7 Rxd7 24. Be5+ Ka8 25. Rd1 Rxd1+ 26. Bxd1 f6 27. Bc3 Bd5 28. a4 Kb7 29. a5 Bc4 30. Ba4 Bd6 31. g3 Be2 32. h4 gxh4 33. gxh4 Bf4 34. Kg2 Kc7 35. Kh3 Kd6 36. b6 axb6 37. axb6 Ke7 38. Bc6 f5 39. Bxg7 Bf1# 0-1

[Event "Double Trouble"]
[Site "Vancouver CAN"]
[Date "2000.12.29"]
[Round "7"]
[White "Haukenfrers, Dale"]
[Black "Milicevic, Dragoljub"]
[Result "0-1"]
[WhiteElo "2216"]
[BlackElo "2343"]
[PlyCount "114"]
[GameId "2160767911627389"]
[EventDate "2000.12.26"]
[EventType "swiss"]
[EventRounds "8"]
[EventCountry "CAN"]

1. Nf3 f5 2. e4 fxe4 3. Ng5 Nf6 4. d3 e3 5. Bxe3 d5 6. d4 h6 7. Nf3 Bf5 8. Bd3 e6 9. Ne5 Nc6 10. Ng6 Rg8 11. Nxf8 Rxf8 12. O-O Kf7 13. Re1 Kg8 14. c3 Qd7 15. Qc2 Rae8 16. Nd2 b6 17. Re2 Bxd3 18. Qxd3 e5 19. Rae1 e4 20. Qc2 Ng4 21. f3 Nf6 22. fxe4 Nxe4 23. Nxe4 Rxe4 24. Bf2 Ref4 25. Bg3 R4f6 26. h3 Qf7 27. Qd3 g5 28. Qe3 Nd8 29. Qe7 c6 30. Qxf7+ R8xf7 31. Re8+ Rf8 32. Rxf8+ Kxf8 33. Rf1 Rxf1+ 34. Kxf1 Ke7 35. Bb8 Kd7 36. Ke2 Ne6 37. Kf3 h5 38. a4 a5 39. g3 c5 40. Ke3 g4 41. hxg4 hxg4 42. b3 Kc6 43. Be5 b5 44. Kd3 c4+ 45. bxc4 dxc4+ 46. Ke4 Ng5+ 47. Kf5 bxa4 48. Bf4 Nh3 49. Bc1 Nf2 50. Ba3 Kd5 51. Kf4 Nd1 52. Kxg4 Nxc3 53. Kf5 Nb5 54. g4 Nxa3 55. g5 Nb5 56. g6 Nxd4+ 57. Kf6 Ne6 0-1

[Event "Double Trouble"]
[Site "Vancouver CAN"]
[Date "2000.12.29"]
[Round "8"]
[White "Basanta, Gary"]
[Black "Hallam, John"]
[Result "1-0"]
[WhiteElo "2377"]
[BlackElo "2217"]
[PlyCount "59"]
[GameId "2160767911627390"]
[EventDate "2000.12.26"]
[EventType "swiss"]
[EventRounds "8"]
[EventCountry "CAN"]

1. e4 c6 2. c4 e5 3. Nf3 d6 4. Nc3 Nf6 5. Be2 g6 6. O-O Bg7 7. d3 Nbd7 8. h3 a5 9. Nh2 O-O 10. Kh1 Nc5 11. f4 Ne6 12. f5 Nd4 13. g4 Nd7 14. Bf3 Qh4 15. Bg2 Bh6 16. Nf3 Nxf3 17. Qxf3 Bxc1 18. Raxc1 f6 19. Rcd1 b6 20. d4 exd4 21. Rxd4 Ne5 22. Qd1 c5 23. Rxd6 Bb7 24. Rxb6 Rab8 25. fxg6 hxg6 26. Qd6 Kh8 27. Rxb7 Nxc4 28. Qe7 Rxb7 29. Qxf8+ Kh7 30. Nd5 1-0

[Event "Double Trouble"]
[Site "Vancouver CAN"]
[Date "2000.12.29"]
[Round "8"]
[White "Milicevic, Dragoljub"]
[Black "Haukenfrers, Dale"]
[Result "1-0"]
[WhiteElo "2343"]
[BlackElo "2216"]
[PlyCount "94"]
[GameId "2160767911627391"]
[EventDate "2000.12.26"]
[EventType "swiss"]
[EventRounds "8"]
[EventCountry "CAN"]

1. Nf3 Nf6 2. g3 g6 3. Bg2 Bg7 4. O-O O-O 5. c4 d5 6. cxd5 Nxd5 7. d4 Nc6 8. Re1 Bg4 9. Nc3 Nb6 10. e3 e5 11. d5 Na5 12. h3 Bd7 13. e4 c6 14. Bg5 f6 15. Be3 cxd5 16. exd5 Rc8 17. Ne4 f5 18. Bg5 Qc7 19. Rc1 Qb8 20. Nc5 e4 21. Bf4 Qa8 22. Ne5 Bb5 23. b3 g5 24. Bd2 Bxe5 25. Bxa5 Rfd8 26. Qh5 Be8 27. Qxg5+ Bg6 28. Nxe4 Rxc1 29. Rxc1 fxe4 30. Qxe5 Rxd5 31. Qe6+ Bf7 32. Qg4+ Bg6 33. Bxb6 axb6 34. Rc8+ Rd8 35. Rxa8 Rxa8 36. Bxe4 Kg7 37. Bxg6 hxg6 38. Qd7+ Kf6 39. a4 Ra5 40. Qxb7 Re5 41. Qxb6+ Re6 42. Qxe6+ Kxe6 43. b4 Kd6 44. b5 Kc5 45. h4 Kb6 46. g4 Kc7 47. h5 g5 1-0

[Event "Easter op"]
[Site "Winnipeg CAN"]
[Date "2000.04.21"]
[Round "1"]
[White "Bays, Derek"]
[Black "Mundwiler, Les"]
[Result "0-1"]
[WhiteElo "1513"]
[BlackElo "2093"]
[PlyCount "58"]
[GameId "2160767911724536"]
[EventDate "2000.04.21"]
[EventType "swiss"]
[EventRounds "5"]
[EventCountry "CAN"]
[SourceTitle "EXT 2005"]
[Source "ChessBase"]
[SourceDate "2004.11.15"]
[SourceVersion "1"]
[SourceVersionDate "2004.11.15"]
[SourceQuality "1"]

1. c4 Nf6 2. Nf3 g6 3. Nc3 Bg7 4. d4 O-O 5. e3 c5 6. dxc5 Qa5 7. Bd2 Qxc5 8. Be2 b6 9. O-O Bb7 10. Na4 Qc7 11. Rc1 d6 12. b3 Ne4 13. Be1 Nd7 14. Nc3 Ndf6 15. Nd4 Rfd8 16. Nxe4 Nxe4 17. f3 Nc5 18. e4 Qd7 19. Bc3 a6 20. Qd2 Rac8 21. Nc2 e5 22. Ne3 Qe8 23. f4 Nxe4 24. Qd1 Nxc3 25. Rxc3 exf4 26. Bg4 f5 27. Nxf5 gxf5 28. Re1 Qf7 29. Bxf5 Qxf5 0-1

[Event "Easter op"]
[Site "Winnipeg CAN"]
[Date "2000.04.21"]
[Round "1"]
[White "Federkevic, Danny"]
[Black "Trueman, Francis"]
[Result "1-0"]
[WhiteElo "1978"]
[BlackElo "1484"]
[PlyCount "63"]
[GameId "2160767911724537"]
[EventDate "2000.04.21"]
[EventType "swiss"]
[EventRounds "5"]
[EventCountry "CAN"]

1. e4 c6 2. d4 d5 3. exd5 cxd5 4. c4 Nf6 5. Nf3 Nc6 6. Be3 Bf5 7. Nc3 e6 8. Nh4 Bg6 9. Nxg6 hxg6 10. Qd2 Bd6 11. O-O-O Bb4 12. a3 Ba5 13. b4 Nxb4 14. axb4 Bxb4 15. Qb2 Qa5 16. Kc2 dxc4 17. Rb1 Qf5+ 18. Kc1 Bxc3 19. Qxc3 O-O 20. Rxb7 Nd5 21. Qc2 Rfc8 22. Qxf5 gxf5 23. Kc2 a5 24. Be2 Nb4+ 25. Kb1 c3 26. Rc1 Nd5 27. g3 a4 28. Ka1 a3 29. Bf3 Nxe3 30. fxe3 a2 31. Rb3 c2 32. Bxa8 1-0

[Event "Easter op"]
[Site "Winnipeg CAN"]
[Date "2000.04.21"]
[Round "1"]
[White "Gentes, Kevin"]
[Black "Lafreniere, Adrian"]
[Result "1-0"]
[WhiteElo "2331"]
[BlackElo "1688"]
[PlyCount "53"]
[GameId "2160767911724538"]
[EventDate "2000.04.21"]
[EventType "swiss"]
[EventRounds "5"]
[EventCountry "CAN"]
[SourceTitle "EXT 2005"]
[Source "ChessBase"]
[SourceDate "2004.11.15"]
[SourceVersion "1"]
[SourceVersionDate "2004.11.15"]
[SourceQuality "1"]

1. d4 f5 2. Nc3 Nf6 3. Bg5 e6 4. e4 fxe4 5. Nxe4 Be7 6. Bxf6 Bxf6 7. Qh5+ g6 8. Qh6 Bxd4 9. O-O-O Bf6 10. h4 Qe7 11. h5 Bg7 12. Qf4 d5 13. hxg6 dxe4 14. gxh7 Rxh7 15. Rxh7 Bxb2+ 16. Kxb2 Qxh7 17. Qf6 Bd7 18. Nh3 Qf5 19. Qh8+ Ke7 20. c3 a5 21. Be2 Be8 22. g4 Qg6 23. Qh4+ Qf6 24. g5 Qf5 25. g6+ Qf6 26. Qh7+ Kf8 27. Rd8 1-0

[Event "Easter op"]
[Site "Winnipeg CAN"]
[Date "2000.04.21"]
[Round "1"]
[White "Pottinger, Carl"]
[Black "Repa, Jason"]
[Result "0-1"]
[WhiteElo "1389"]
[BlackElo "1933"]
[PlyCount "54"]
[GameId "2160767911724539"]
[EventDate "2000.04.21"]
[EventType "swiss"]
[EventRounds "5"]
[EventCountry "CAN"]
[SourceTitle "EXT 2005"]
[Source "ChessBase"]
[SourceDate "2004.11.15"]
[SourceVersion "1"]
[SourceVersionDate "2004.11.15"]
[SourceQuality "1"]

1. e4 e6 2. Nc3 d5 3. exd5 exd5 4. d4 Bb4 5. Bd2 Nc6 6. Bb5 Nge7 7. Bxc6+ bxc6 8. Na4 Bd6 9. Ne2 O-O 10. O-O Ng6 11. Qc1 Ba6 12. Re1 Bxe2 13. Rxe2 Qh4 14. g3 Qxd4 15. Nc3 Rfe8 16. Be3 Qg4 17. Qf1 Ne5 18. h3 Qc4 19. Kg2 d4 20. Bxd4 Qxd4 21. Rd1 Qc4 22. a3 Re7 23. Qe1 Rae8 24. Re4 Qa6 25. Ra4 Qb7 26. b3 Nc4 27. Qf1 Nb2 0-1

[Event "Easter op"]
[Site "Winnipeg CAN"]
[Date "2000.04.22"]
[Round "2"]
[White "Lafreniere, Adrian"]
[Black "Pottinger, Carl"]
[Result "0-1"]
[WhiteElo "1688"]
[BlackElo "1389"]
[PlyCount "100"]
[GameId "2160767911724541"]
[EventDate "2000.04.21"]
[EventType "swiss"]
[EventRounds "5"]
[EventCountry "CAN"]
[SourceTitle "EXT 2005"]
[Source "ChessBase"]
[SourceDate "2004.11.15"]
[SourceVersion "1"]
[SourceVersionDate "2004.11.15"]
[SourceQuality "1"]

1. d4 d5 2. Bf4 Bf5 3. e3 Nf6 4. Bd3 e6 5. Ne2 Be7 6. h3 Ne4 7. O-O g5 8. Bh2 h5 9. Ng3 g4 10. Nxh5 Rxh5 11. hxg4 Rxh2 12. Kxh2 Bd6+ 13. f4 Qh4+ 14. Kg1 Bxg4 15. Be2 Bxe2 16. Qxe2 Ng3 17. Qe1 Qh1+ 18. Kf2 Nxf1 19. Qxf1 Qxf1+ 20. Kxf1 Nd7 21. Ke2 Ke7 22. Nd2 Rg8 23. Kf3 Nf6 24. Rc1 Ne4 25. Nf1 f5 26. c4 c6 27. c5 Bc7 28. b4 a6 29. a4 Rh8 30. Ng3 Nxg3 31. Kxg3 Kd7 32. Rb1 Rb8 33. Kf3 b6 34. Rh1 Bd8 35. g4 fxg4+ 36. Kxg4 bxc5 37. bxc5 Rb4 38. Ra1 Rb3 39. Kf3 Bf6 40. Rd1 Ra3 41. Rd2 Rxa4 42. Rd3 Ra1 43. Rb3 Kc7 44. Ke2 a5 45. Kd2 Bh4 46. Rb6 a4 47. Kd3 a3 48. Ra6 Bf2 49. Kd2 a2 50. Ra3 Bxe3+ 0-1

[Event "Easter op"]
[Site "Winnipeg CAN"]
[Date "2000.04.22"]
[Round "2"]
[White "Mundwiler, Les"]
[Black "Gibson, Kris"]
[Result "1/2-1/2"]
[WhiteElo "2093"]
[BlackElo "1830"]
[PlyCount "83"]
[GameId "2160767911724542"]
[EventDate "2000.04.21"]
[EventType "swiss"]
[EventRounds "5"]
[EventCountry "CAN"]
[SourceTitle "EXT 2005"]
[Source "ChessBase"]
[SourceDate "2004.11.15"]
[SourceVersion "1"]
[SourceVersionDate "2004.11.15"]
[SourceQuality "1"]

1. d4 d5 2. c4 e6 3. Nc3 c6 4. Nf3 dxc4 5. a4 Bb4 6. e3 Bxc3+ 7. bxc3 b5 8. Be2 Bb7 9. O-O Nd7 10. e4 Ngf6 11. e5 Nd5 12. Qc2 h6 13. Nd2 N7b6 14. Ne4 Nc8 15. a5 a6 16. Nc5 Qc7 17. f4 Nce7 18. Bg4 Bc8 19. Ne4 O-O 20. Nc5 Nf5 21. Bxf5 exf5 22. Rf3 Re8 23. Bd2 Rb8 24. Rh3 Qe7 25. Bc1 Qd8 26. Qf2 b4 27. Bb2 bxc3 28. Bxc3 Nxc3 29. Rxc3 Rb5 30. Rxc4 Rxa5 31. Rca4 Rxa4 32. Rxa4 Qb6 33. Qc2 Rd8 34. Qb3 Qb5 35. Kf2 Be6 36. Qb4 Bd5 37. g3 Rb8 38. Nxa6 Ra8 39. Qa3 Bb3 40. Rb4 Rxa6 41. Qxb3 Ra2+ 42. Qxa2 1/2-1/2

[Event "Easter op"]
[Site "Winnipeg CAN"]
[Date "2000.04.22"]
[Round "2"]
[White "Repa, Jason"]
[Black "Gentes, Kevin"]
[Result "1/2-1/2"]
[WhiteElo "1933"]
[BlackElo "2331"]
[PlyCount "88"]
[GameId "2160767911724543"]
[EventDate "2000.04.21"]
[EventType "swiss"]
[EventRounds "5"]
[EventCountry "CAN"]
[SourceTitle "EXT 2005"]
[Source "ChessBase"]
[SourceDate "2004.11.15"]
[SourceVersion "1"]
[SourceVersionDate "2004.11.15"]
[SourceQuality "1"]

1. e4 c5 2. c3 e6 3. d4 d5 4. e5 Nc6 5. Nf3 Qb6 6. Be2 cxd4 7. cxd4 Nh6 8. Nc3 Nf5 9. Na4 Qa5+ 10. Bd2 Qd8 11. Be3 Bb4+ 12. Nc3 Qa5 13. Qd2 Bd7 14. a3 Rc8 15. Rc1 Be7 16. Bd3 Nxe3 17. fxe3 O-O 18. O-O f5 19. exf6 Rxf6 20. b4 Qxa3 21. Ra1 Qxb4 22. Rfb1 Qd6 23. Rxb7 Be8 24. Nb5 Qd8 25. Nxa7 Ra8 26. Qd1 Na5 27. Rxa5 Qxa5 28. Rxe7 Ba4 29. Qb1 Rxf3 30. gxf3 Qd2 31. Rxg7+ Kxg7 32. Qb7+ Kf6 33. Qxa8 Qxe3+ 34. Kg2 Qxd3 35. Qf8+ Kg5 36. Qe7+ Kh5 37. Qxe6 Qxd4 38. Qf5+ Kh6 39. Qe6+ Kg7 40. Nc8 Qd2+ 41. Kg3 Qg5+ 42. Kf2 Qh4+ 43. Kg2 Qf6 44. Qxd5 Bc6 1/2-1/2

[Event "Easter op"]
[Site "Winnipeg CAN"]
[Date "2000.04.22"]
[Round "3"]
[White "Federkevic, Danny"]
[Black "Gentes, Kevin"]
[Result "0-1"]
[WhiteElo "1978"]
[BlackElo "2331"]
[PlyCount "138"]
[GameId "2160767911724545"]
[EventDate "2000.04.21"]
[EventType "swiss"]
[EventRounds "5"]
[EventCountry "CAN"]

1. e4 c5 2. Nc3 e6 3. f4 a6 4. Nf3 Nc6 5. Be2 d5 6. e5 Nh6 7. d3 Nf5 8. O-O h5 9. Qe1 h4 10. Ng5 Be7 11. Bg4 Nfd4 12. Rf2 Nb4 13. Bd1 b5 14. a3 Nbc6 15. Bg4 g6 16. Nd1 Bb7 17. Nf3 Nxf3+ 18. Bxf3 Nd4 19. Bg4 Qc7 20. Be3 Nf5 21. Bxf5 gxf5 22. d4 O-O-O 23. c3 Rdg8 24. Rf3 Rg6 25. Bf2 Rhg8 26. Ne3 Qd8 27. Rh3 Rh8 28. Kh1 c4 29. Rc1 Bc6 30. Rc2 Rgh6 31. Re2 Kb7 32. Nc2 a5 33. Qd2 Qg8 34. Ne1 Rg6 35. Be3 Qf8 36. Nf3 Rg4 37. Ng5 Qg7 38. Rf3 Bxg5 39. fxg5 Re4 40. Rf4 h3 41. g3 Rxf4 42. gxf4 Qh7 43. Re1 Kc7 44. Rg1 Rb8 45. Rg3 b4 46. cxb4 axb4 47. axb4 Ra8 48. Qe2 Ba4 49. Qf1 Bc2 50. Qxh3 Be4+ 51. Kg1 Ra1+ 52. Kf2 Qg6 53. Rg1 Ra2 54. Bc1 Kd7 55. Ke1 Ra1 56. Kd1 Qg8 57. Qh5 Kc6 58. Rg3 Qa8 59. Qxf7 Qa4+ 60. b3 Rxc1+ 61. Kxc1 Qa1+ 62. Kd2 Qxd4+ 63. Ke2 Bd3+ 64. Ke1 Qa1+ 65. Kf2 Qf1+ 66. Ke3 Qe2+ 67. Kd4 Qb2+ 68. Ke3 d4+ 69. Kf3 Qe2# 0-1

[Event "Easter op"]
[Site "Winnipeg CAN"]
[Date "2000.04.22"]
[Round "3"]
[White "Gibson, Kris"]
[Black "Xia, Yanchong"]
[Result "1-0"]
[WhiteElo "1830"]
[BlackElo "1788"]
[PlyCount "77"]
[GameId "2160767911724546"]
[EventDate "2000.04.21"]
[EventType "swiss"]
[EventRounds "5"]
[EventCountry "CAN"]
[SourceTitle "EXT 2005"]
[Source "ChessBase"]
[SourceDate "2004.11.15"]
[SourceVersion "1"]
[SourceVersionDate "2004.11.15"]
[SourceQuality "1"]

1. e4 c5 2. Nf3 Nc6 3. Bc4 d6 4. d4 cxd4 5. Nxd4 Nf6 6. O-O g6 7. Nc3 Bg7 8. Be3 O-O 9. Qd2 Ng4 10. Nb3 Nxe3 11. Qxe3 Bd7 12. f4 Qc7 13. Be2 a6 14. Nd5 Qd8 15. f5 b5 16. g4 Rb8 17. Rf2 e6 18. Nf4 exf5 19. gxf5 a5 20. Nd5 gxf5 21. Raf1 a4 22. Rg2 Kh8 23. Rxg7 Kxg7 24. Nd4 Rg8 25. Nxf5+ Bxf5 26. Rxf5 Ne5 27. Kh1 Qh4 28. Bd1 Kh8 29. Rh5 Ng4 30. Rxh4 Nxe3 31. Nxe3 Rg5 32. Nf5 Rbg8 33. Ng3 Re8 34. Be2 d5 35. Bxb5 Rb8 36. Bxa4 Rxb2 37. Bb3 dxe4 38. Rxe4 Rb1+ 39. Kg2 1-0

[Event "Easter op"]
[Site "Winnipeg CAN"]
[Date "2000.04.22"]
[Round "3"]
[White "Henschel, Corey"]
[Black "Moffat, Ron"]
[Result "0-1"]
[WhiteElo "1200"]
[BlackElo "1733"]
[PlyCount "64"]
[GameId "2160767911724547"]
[EventDate "2000.04.21"]
[EventType "swiss"]
[EventRounds "5"]
[EventCountry "CAN"]
[SourceTitle "EXT 2005"]
[Source "ChessBase"]
[SourceDate "2004.11.15"]
[SourceVersion "1"]
[SourceVersionDate "2004.11.15"]
[SourceQuality "1"]

1. e4 c5 2. c3 d5 3. Nf3 dxe4 4. Qa4+ Nc6 5. Qxe4 Nf6 6. Qe3 e6 7. Bb5 Bd7 8. d4 cxd4 9. Nxd4 Nxd4 10. Bxd7+ Qxd7 11. Qxd4 Qxd4 12. cxd4 Bb4+ 13. Ke2 Rc8 14. Kd3 Nd5 15. Be3 O-O 16. a3 Bd6 17. g3 Rc6 18. Nc3 Nxc3 19. bxc3 Rfc8 20. Rhc1 Rc4 21. Rc2 a6 22. a4 e5 23. Raa2 exd4 24. Bxd4 b5 25. axb5 axb5 26. Rab2 Bc5 27. Bxc5 R8xc5 28. Rb4 Rd5+ 29. Ke2 Rc8 30. c4 Rdc5 31. Rxb5 Rxb5 32. Kd3 Rbc5 0-1

[Event "Easter op"]
[Site "Winnipeg CAN"]
[Date "2000.04.22"]
[Round "3"]
[White "Repa, Jason"]
[Black "Mundwiler, Les"]
[Result "1-0"]
[WhiteElo "1933"]
[BlackElo "2093"]
[PlyCount "63"]
[GameId "2160767911724549"]
[EventDate "2000.04.21"]
[EventType "swiss"]
[EventRounds "5"]
[EventCountry "CAN"]
[SourceTitle "EXT 2005"]
[Source "ChessBase"]
[SourceDate "2004.11.15"]
[SourceVersion "1"]
[SourceVersionDate "2004.11.15"]
[SourceQuality "1"]

1. e4 e5 2. Nf3 Nc6 3. Bb5 Nd4 4. Nxd4 exd4 5. d3 c6 6. Bc4 Nf6 7. O-O d6 8. Nd2 Be7 9. f4 b5 10. Bb3 O-O 11. a4 a5 12. axb5 cxb5 13. Nf3 Bg4 14. h3 Bxf3 15. Qxf3 a4 16. Ba2 Qc7 17. Rf2 Nd7 18. Bd2 Qxc2 19. Bc3 Qxf2+ 20. Qxf2 dxc3 21. bxc3 Nc5 22. d4 Ne6 23. Bxe6 fxe6 24. Qa2 Rxf4 25. Qxe6+ Kf8 26. e5 Rd8 27. Qd5 dxe5 28. Qxe5 Bd6 29. Qxb5 a3 30. Qb6 Rd7 31. Rxa3 Bxa3 32. Qb8+ 1-0

[Event "Easter op"]
[Site "Winnipeg CAN"]
[Date "2000.04.23"]
[Round "4"]
[White "Federkevic, Danny"]
[Black "Repa, Jason"]
[Result "1-0"]
[WhiteElo "1978"]
[BlackElo "1933"]
[PlyCount "59"]
[GameId "2160767911724550"]
[EventDate "2000.04.21"]
[EventType "swiss"]
[EventRounds "5"]
[EventCountry "CAN"]

1. e4 e6 2. d4 d5 3. exd5 exd5 4. c4 Nf6 5. Nf3 Bg4 6. Be3 Bb4+ 7. Nc3 c6 8. Qb3 Qb6 9. Bd3 Nbd7 10. O-O Bxc3 11. Qxc3 dxc4 12. Qxc4 Bxf3 13. gxf3 Nd5 14. Rae1 O-O 15. f4 N7f6 16. Kh1 Qc7 17. Qc1 Nh5 18. f5 Nhf4 19. Bb1 f6 20. Rg1 h5 21. Rg3 Rae8 22. Reg1 Rf7 23. Qd1 Rfe7 24. Qf3 Qd6 25. a3 Kf8 26. Ba2 Nxe3 27. fxe3 h4 28. Rg4 Nd5 29. e4 Nb6 30. Rxh4 1-0

[Event "Easter op"]
[Site "Winnipeg CAN"]
[Date "2000.04.23"]
[Round "4"]
[White "Gentes, Kevin"]
[Black "Gibson, Kris"]
[Result "1-0"]
[WhiteElo "2331"]
[BlackElo "1830"]
[PlyCount "63"]
[GameId "2160767911724551"]
[EventDate "2000.04.21"]
[EventType "swiss"]
[EventRounds "5"]
[EventCountry "CAN"]
[SourceTitle "EXT 2005"]
[Source "ChessBase"]
[SourceDate "2004.11.15"]
[SourceVersion "1"]
[SourceVersionDate "2004.11.15"]
[SourceQuality "1"]

1. d4 d5 2. c4 e6 3. g3 c6 4. Bg2 dxc4 5. Nf3 c5 6. O-O Nc6 7. Qa4 Qa5 8. Qxc4 b5 9. Qc2 Qb6 10. dxc5 Bxc5 11. Ne5 Bb7 12. Nxc6 Rc8 13. b4 Bxb4 14. Qb2 Bxc6 15. Qxb4 Bxg2 16. Kxg2 a5 17. Qg4 Ne7 18. Bb2 Rc2 19. Bxg7 Rg8 20. Qe4 Rc4 21. Qxh7 Rg4 22. Nc3 R8xg7 23. Qd3 Qc6+ 24. Kg1 Rc4 25. Rfd1 Nd5 26. Nxd5 exd5 27. Qxd5 Qxd5 28. Rxd5 Rb4 29. a4 Rxa4 30. Rxa4 bxa4 31. Rxa5 Rg4 32. f4 1-0

[Event "Easter op"]
[Site "Winnipeg CAN"]
[Date "2000.04.23"]
[Round "4"]
[White "Mundwiler, Les"]
[Black "Moffat, Ron"]
[Result "1-0"]
[WhiteElo "2093"]
[BlackElo "1733"]
[PlyCount "57"]
[GameId "2160767911724552"]
[EventDate "2000.04.21"]
[EventType "swiss"]
[EventRounds "5"]
[EventCountry "CAN"]
[SourceTitle "EXT 2005"]
[Source "ChessBase"]
[SourceDate "2004.11.15"]
[SourceVersion "1"]
[SourceVersionDate "2004.11.15"]
[SourceQuality "1"]

1. d4 d5 2. c4 e6 3. cxd5 exd5 4. Nc3 Nf6 5. Nf3 Be7 6. Bg5 c6 7. e3 Nbd7 8. Bd3 Ne4 9. Bxe7 Qxe7 10. Qc2 Ndf6 11. Ne5 Nxc3 12. bxc3 Nd7 13. Nxd7 Bxd7 14. O-O Rd8 15. Rae1 Kf8 16. e4 dxe4 17. Bxe4 Qd6 18. f4 h5 19. Bf5 Bxf5 20. Qxf5 Qd5 21. Qc2 f6 22. Re4 Re8 23. Rxe8+ Kxe8 24. Qg6+ Qf7 25. Re1+ Kf8 26. Qf5 g6 27. Qc5+ Kg8 28. Re7 Qf8 29. Qc4+ 1-0